Konkurencija i koncentracija - regulirovanije "balansa sil" v ES. 1.

Súčasný proces koncentrácie výroby a kapitálu v Európskom spoločenstve. Koncentrácia formou fúzií a akvizície základnej časti kapitálu firmy. Adaptácia na vytváranie jednotného trhu. Miera koncentrácie vo vzťahu k USA a Japonsku. Metodologické prístupy k hodnoteniu dôsledkov koncentrácie.

Na minha lista:
Detalhes bibliográficos
Autor principal: Jačeistova, N.
Formato: Capítulo de Livro
Idioma:russo
Assuntos:
Tags: Adicionar Tag
Sem tags, seja o primeiro a adicionar uma tag!

MARC

LEADER 00000naa a2200000 4500
001 r010509
005 20221130113256.2
041 0 |a rus 
044 |a [SU] 
245 1 0 |a Konkurencija i koncentracija - regulirovanije "balansa sil" v ES. 1.  |c N. Jačeistova 
520 |a Súčasný proces koncentrácie výroby a kapitálu v Európskom spoločenstve. Koncentrácia formou fúzií a akvizície základnej časti kapitálu firmy. Adaptácia na vytváranie jednotného trhu. Miera koncentrácie vo vzťahu k USA a Japonsku. Metodologické prístupy k hodnoteniu dôsledkov koncentrácie. 
610 2 0 |a Európske spoločenstvá 
610 2 0 |a koncentrácia výroby 
610 2 0 |a fúzie 
610 2 0 |a trh 
610 2 0 |a koncentrácia kapitálu 
610 2 0 |a USA 
610 2 0 |a Japonsko 
100 1 |a Jačeistova, N.